Catálogo
 En Linea

Los caminos de la soberanía : (Registro nro. 56632)

Detalles MARC
000 -CABECERA
campo de control de longitud fija 03234nam a22003257i 4500
003 - IDENTIFICADOR DEL NÚMERO DE CONTROL
campo de control DO-SdBNP
005 - FECHA Y HORA DE LA ÚLTIMA TRANSACCIÓN
campo de control 20240513103117.0
007 - CAMPO FIJO DE DESCRIPCIÓN FÍSICA--INFORMACIÓN GENERAL
campo de control de longitud fija ta
008 - DATOS DE LONGITUD FIJA--INFORMACIÓN GENERAL
campo de control de longitud fija 240513b2008 dr abo|| |||| 00| 0 eng d
020 ## - NÚMERO INTERNACIONAL ESTÁNDAR DEL LIBRO
Número Internacional Estándar del Libro 9789945454079
040 ## - FUENTE DE LA CATALOGACIÓN
Lengua de catalogación spa
Centro/agencia transcriptor BNPHU
Normas de descripción rda
082 04 - NÚMERO DE LA CLASIFICACIÓN DECIMAL DEWEY
Número de edición 22
Número de clasificación 972.976
Número de documento/Ítem B216c
100 ## - ENTRADA PRINCIPAL--NOMBRE DE PERSONA
Nombre de persona Bangou, Henri,
Fechas asociadas al nombre 1922-
9 (RLIN) 74208
Término indicativo de función/relación autor
245 10 - MENCIÓN DE TÍTULO
Título Los caminos de la soberanía :
Resto del título asentamientos e instituciones en Guadalupe (Desde los orígenes hasta nuestros días) /
Mención de responsabilidad, etc. Henri Bangou ; edición al cuidado de Alberto E. Despradel Cabral ; traducción Cossette Alvarez ; diagramación Yissel Casado.
264 ## - PRODUCCIÓN, PUBLICACIÓN, DISTRIBUCIÓN, FABRICACIÓN Y COPYRIGHT
Producción, publicación, distribución, fabricación y copyright Santo Domingo, República Dominicana :
Nombre del de productor, editor, distribuidor, fabricante Editora Manatí,
Fecha de producción, publicación, distribución, fabricación o copyright 2008.
300 ## - DESCRIPCIÓN FÍSICA
Extensión 224 páginas :
Otras características físicas ilustraciones, mapas, fotografías ;
Dimensiones 23 cm.
336 ## - TIPO DE CONTENIDO
Fuente rdacontent
Término de tipo de contenido texto
Código de tipo de contenido txt
337 ## - TIPO DE MEDIO
Fuente rdamedia
Nombre/término del tipo de medio sin mediación
Código del tipo de medio n
338 ## - TIPO DE SOPORTE
Fuente rdacarrier
Nombre/término del tipo de soporte volumen
Código del tipo de soporte nc
500 ## - NOTA GENERAL
Nota general Incluye referencias bibliográficas y notas al pie de páginas.
500 ## - NOTA GENERAL
Nota general Incluye datos biográficos del autor en la contracubierta.
505 0# - NOTA DE CONTENIDO CON FORMATO
Nota de contenido con formato Biografía del autor, 13.-- La obra de Henri Bangou y sus aportes al pensamiento caribeño, 23.-- Prefacio, 53.-- Prólogo, 65.-- Introducción, 67.-- Primera parte. Desde los orígenes hasta a Revolución Francesa de 1789, 73.-- Los pueblos precolombinos y la colonización, 75.-- Franceses y Caribes en Guadalupe, 83.-- Los colonos franceses, 86.-- El pacto colonial, 90.-- Primeros conflictos institucionales, 92.-- Los otros asentamientos. Los contratados, 96.-- Los esclavos africanos, 99.-- El Código Negro, 102.-- Hombres de color libres y liberados, 104.-- Segunda parte. Los acontecimientos revolucionarios y sus repercusiones en las instituciones y asentamientos humanos en Guadalupe, 109.-- Primer período revolucionario: de 1789 a 1794, 111.-- La Asamblea Nacional y los problemas guadalupeños, 114.-- La Asamblea Colonial y los acontecimientos en Guadalupe, 115.-- La Asamblea Nacional y el problema de los esclavos negros, 120.-- Los esclavos negros de Guadalupe y la Revolución, 122.-- Las instituciones revolucionarias y la administración de la isla durante este período, 123.-- Tercera parte. Las instituciones de 1802 a 1848, 133.-- Abolición de la esclavitud en las Antillas Francesas, 143.-- Cuarta parte. Grupos humanos e instituciones en Guadalupe después de 1848, 151.-- Instituciones y lucha de clases, 163.-- Los indios, su status, su inserción en el mundo del trabajo en Guadalupe, 165.-- Las luchas obreras y campesinas, 171.-- Quinta parte. Evolución constitucional de la post-guerra (1940-1945), 179.-- La departamentalización y sus límites, 181.-- Asimilación integral o asimilación mitigada, 183.-- La departamentalización adaptada y la Constitución de 1958, 194.-- Sexta parte. Problemática institucional en Guadalupe. Ciudadanía - Nacionalidad - Transnacionalidad, 209.
590 ## - NOTA LOCAL (RLIN)
Nota local Inventariado, 2023 /LP
651 #4 - PUNTO DE ACCESO ADICIONAL DE MATERIA--NOMBRE GEOGRÁFICO
Nombre geográfico Guadalupe
Subdivisión general Historia
9 (RLIN) 85437
651 #4 - PUNTO DE ACCESO ADICIONAL DE MATERIA--NOMBRE GEOGRÁFICO
Nombre geográfico Guadalupe
Subdivisión cronológica Descubrimiento y conquista, 1493
Subdivisión geográfica Historia
9 (RLIN) 85438
700 1# - PUNTO DE ACCESO ADICIONAL--NOMBRE DE PERSONA
Nombre de persona Despradel Cabral, Alberto E.,
Término indicativo de función/relación cuidado de edición
9 (RLIN) 34488
700 1# - PUNTO DE ACCESO ADICIONAL--NOMBRE DE PERSONA
Nombre de persona Álvarez, Cossette,
Término indicativo de función/relación traducción
9 (RLIN) 85439
700 1# - PUNTO DE ACCESO ADICIONAL--NOMBRE DE PERSONA
Nombre de persona Casado, Yissel,
Término indicativo de función/relación diagramación
9 (RLIN) 43308
942 ## - ELEMENTOS DE PUNTO DE ACCESO ADICIONAL (KOHA)
Fuente del sistema de clasificación o colocación Dewey Decimal Classification
Tipo de ítem Koha Libro
Existencias
Estado de retiro Estado de pérdida Fuente del sistema de clasificación o colocación No para préstamo Código de colección Localización permanente Ubicación/localización actual Ubicación en estantería Fecha de adquisición Fuente de adquisición Total de préstamos Signatura topográfica completa Código de barras Fecha visto por última vez Precio válido a partir de Tipo de ítem Koha
    Dewey Decimal Classification   Patrimonio Dominicano Biblioteca Nacional Pedro Henríquez Ureña Biblioteca Nacional Pedro Henríquez Ureña Depósito 13.05.2024 Donado por Emilio Cordero Michel   BNPHU PD 972.976 B216c 2024-2888 13.05.2024 13.05.2024 Libro

Con tecnología Koha